| 000 | 00635nam a2200217Ii 4500 | ||
|---|---|---|---|
| 001 | 4892 | ||
| 003 | CO-ViMGA | ||
| 008 | 241108s9999||||xx |||||||||||||| ||und|| | ||
| 020 | _a9688803510 | ||
| 040 |
_aCO-ViMGA _bspa _erda _cCO-ViMGA |
||
| 041 | 0 | _aunk | |
| 082 | 0 | 4 | _a658 S877 |
| 100 | 1 |
_aJames A. F. Stoner _955241 |
|
| 245 | 1 | 0 | _aAdministración |
| 264 | 1 | _a[Lugar de publicación no identificado] : Prentice Hall Hispanoamericana, 1994 | |
| 300 | _avolumen | ||
| 336 |
_atext _btxt _2rdacontent |
||
| 337 |
_aunmediated _bn _2rdamedia |
||
| 338 |
_avolume _bnc _2rdacarrier |
||
| 940 | _aidficha_siabuc: 4766. -- ficha_no_siabuc:4892 | ||
| 999 |
_c52707 _d52707 |
||